000
00169nam a22000857a 4500
999
_c
264322
_d
264321
100
_a
Gail Tuchman
245
_a
Safari
260
_a
New York
_b
Scholastic Inc
942
_c
BK